000 00385 a2200157 4500
001 168647
020 _a
040 _cMagnum
100 _aCosta, Jurandir Freire
240 1 0 _aSem fraude nem favor: estrudos sobre o amor romantico
_lpor
245 1 0 _aSem fraude nem favor: estrudos sobre o amor romantico
362 0 _a1899
440 1 _aRocco
697 _aGERAL
942 _cBK
999 _c168647
_d168647